| 000 | 00475aam a2200181 4500 | ||
|---|---|---|---|
| 005 | 20161114085548.0 | ||
| 008 | 150529b xxu||||| |||| 00| 0 spa d | ||
| 041 | _aEspañol | ||
| 082 | _a158.2 C828c | ||
| 100 |
_aCorte, Marcela _920656 |
||
| 245 | _a101 tips para una pareja feliz | ||
| 260 |
_aUruguay _bLatinbooks International _c2009 |
||
| 300 | _a160 páginas | ||
| 650 |
_aPAREJA _917990 |
||
| 650 |
_aAUTOAYUDA _95512 |
||
| 650 |
_aREFLEXIONES _920657 |
||
| 942 | _cBK | ||
| 999 |
_c2410 _d2410 |
||